[Event "DVM U20w 2016"]
[Site "Borken-Gemen GER"]
[Date "2016.12.29"]
[Round "6"]
[White "Wolff, Marie Antoinette"]
[Black "Wächter, Nathalie"]
[Result "0-1"]
[Termination "normal"]
[Board "1.1"]
[WhiteElo "1771"]
[BlackElo "2022"]
[WhiteClock "00:08:31"]
[BlackClock "00:04:30"]
[WhiteTeam "Leegebrucher SF"]
[BlackTeam "TuRa Harksheide Norderstedt"]
[PlyCount "110"]
[WhiteFideId "12908258"]
[BlackFideId "12921033"]
[EventCountry "GER"]
[EventRounds "7"]
[EventType "team-swiss"]
[EventDate "2016.12.26"]

1. Nf3 {[%clk 1:30:47]} d5 {[%clk 1:30:50]} 2. c4 {[%clk 1:31:07]} Nf6 {[%clk
1:28:39]} 3. e3 {[%clk 1:30:18]} e6 {[%clk 1:26:36]} 4. g3 {[%clk 1:29:18]} c6
{[%clk 1:25:52]} 5. Bg2 {[%clk 1:29:39]} dxc4 {[%clk 1:25:50]} 6. Qc2 {[%clk
1:29:41]} Nbd7 {[%clk 1:22:48]} 7. Qxc4 {[%clk 1:29:40]} Nb6 {[%clk 1:21:49]}
8. Qe2 {[%clk 1:29:54]} Be7 {[%clk 1:21:20]} 9. O-O {[%clk 1:30:10]} O-O {[%clk
1:21:40]} 10. Nc3 {[%clk 1:28:35]} Qc7 {[%clk 1:19:47]} 11. b3 {[%clk 1:22:31]}
e5 {[%clk 1:16:00]} 12. Bb2 {[%clk 1:19:29]} Bg4 {[%clk 1:16:01]} 13. Qe1
{[%clk 1:16:09]} Rfe8 {[%clk 1:13:30]} 14. Rc1 {[%clk 1:10:35]} Bf8 {[%clk
1:03:39]} 15. d4 {[%clk 0:56:32]} exd4 {[%clk 0:45:58]} 16. Nxd4 {[%clk
0:56:37]} Rad8 {[%clk 0:44:54]} 17. Nce2 {[%clk 0:53:32]} Nbd5 {[%clk 0:43:20]}
18. Rc4 {[%clk 0:45:11]} Qd7 {[%clk 0:34:26]} 19. Qc1 {[%clk 0:41:29]} c5
{[%clk 0:29:59]} 20. Nf3 {[%clk 0:39:07]} b5 {[%clk 0:29:24]} 21. Rc2 {[%clk
0:35:29]} Bxf3 {[%clk 0:28:05]} 22. Bxf3 {[%clk 0:35:23]} Nb4 {[%clk 0:28:10]}
23. Bxf6 {[%clk 0:30:52]} gxf6 {[%clk 0:28:21]} 24. Rxc5 {[%clk 0:27:07]} Bxc5
{[%clk 0:24:30]} 25. Qxc5 {[%clk 0:27:23]} Nd3 {[%clk 0:24:39]} 26. Qh5 {[%clk
0:24:36]} Ne5 {[%clk 0:23:44]} 27. Be4 {[%clk 0:22:14]} Ng6 {[%clk 0:21:48]}
28. Bb1 {[%clk 0:19:05]} Qd5 {[%clk 0:16:49]} 29. Qh3 {[%clk 0:17:42]} Re5
{[%clk 0:09:08]} 30. Nf4 {[%clk 0:14:39]} Qd7 {[%clk 0:08:09]} 31. Qg2 {[%clk
0:11:48]} Rg5 {[%clk 0:06:29]} 32. Qe4 {[%clk 0:10:13]} Re8 {[%clk 0:02:06]}
33. Qc2 {[%clk 0:09:56]} Rc8 {[%clk 0:01:45]} 34. Qe4 {[%clk 0:10:06]} Re5
{[%clk 0:01:30]} 35. Qg2 {[%clk 0:09:23]} Rd8 {[%clk 0:01:19]} 36. h4 {[%clk
0:06:46]} Kh8 {[%clk 0:00:54]} 37. Qf3 {[%clk 0:06:06]} Nxf4 {[%clk 0:00:57]}
38. Qxf4 {[%clk 0:06:34]} Kg7 {[%clk 0:00:58]} 39. Kh2 {[%clk 0:03:12]} Qe6
{[%clk 0:01:12]} 40. Kg1 {[%clk 0:01:22]} Rd2 {[%clk 0:01:08]} 41. Qb4 {[%clk
0:01:03]} Qd7 {[%clk 0:27:56]} 42. Qf4 {[%clk 0:25:15]} Rd6 {[%clk 0:19:45]}
43. Qf3 {[%clk 0:21:44]} f5 {[%clk 0:15:34]} 44. Qf4 {[%clk 0:21:16]} Rc5
{[%clk 0:12:15]} 45. Kh2 {[%clk 0:18:56]} h6 {[%clk 0:10:00]} 46. Qb4 {[%clk
0:17:39]} Qc7 {[%clk 0:07:44]} 47. Qf4 {[%clk 0:15:27]} Rf6 {[%clk 0:07:20]}
48. Qd4 {[%clk 0:15:06]} Qd6 {[%clk 0:06:35]} 49. Qb4 {[%clk 0:14:51]} Rd5
{[%clk 0:06:35]} 50. Qe1 {[%clk 0:14:25]} Rd2 {[%clk 0:06:24]} 51. Qc1 {[%clk
0:13:14]} Rg6 {[%clk 0:06:08]} 52. Qc3+ {[%clk 0:12:20]} f6 {[%clk 0:06:27]}
53. Kh1 {[%clk 0:11:51]} Rxf2 {[%clk 0:03:51]} 54. Qd3 {[%clk 0:08:27]} Rh2+
{[%clk 0:04:06]} 55. Kxh2 {[%clk 0:08:31]} Qxg3+ {[%clk 0:04:30]} 0-1

[Event "DVM U20w 2016"]
[Site "Borken-Gemen GER"]
[Date "2016.12.29"]
[Round "6"]
[White "Rosmait, Emily"]
[Black "Sauer, Annika"]
[Result "1-0"]
[Termination "normal"]
[Board "1.2"]
[WhiteElo "1880"]
[BlackElo "1572"]
[WhiteClock "00:20:01"]
[BlackClock "00:27:43"]
[WhiteTeam "TuRa Harksheide Norderstedt"]
[BlackTeam "Leegebrucher SF"]
[PlyCount "87"]
[WhiteFideId "12937754"]
[BlackFideId "12952052"]
[EventCountry "GER"]
[EventRounds "7"]
[EventType "team-swiss"]
[EventDate "2016.12.26"]

1. e4 {[%clk 1:30:57]} c6 {[%clk 1:30:55]} 2. d4 {[%clk 1:31:21]} d5 {[%clk
1:31:19]} 3. Nc3 {[%clk 1:31:44]} dxe4 {[%clk 1:31:39]} 4. Nxe4 {[%clk
1:32:11]} Bf5 {[%clk 1:31:57]} 5. Ng3 {[%clk 1:32:26]} Bg6 {[%clk 1:32:23]} 6.
h4 {[%clk 1:32:41]} h6 {[%clk 1:32:48]} 7. Nf3 {[%clk 1:33:07]} Nf6 {[%clk
1:32:52]} 8. Ne5 {[%clk 1:31:20]} Bh7 {[%clk 1:31:10]} 9. Bc4 {[%clk 1:28:40]}
e6 {[%clk 1:30:53]} 10. Qe2 {[%clk 1:22:44]} Nd5 {[%clk 1:10:55]} 11. Bd3
{[%clk 1:20:00]} Bxd3 {[%clk 1:09:34]} 12. Nxd3 {[%clk 1:20:21]} Nd7 {[%clk
1:06:17]} 13. Bd2 {[%clk 1:17:56]} N7f6 {[%clk 0:57:43]} 14. f4 {[%clk
1:09:37]} Bd6 {[%clk 0:51:24]} 15. Nf5 {[%clk 1:06:24]} g6 {[%clk 0:46:35]} 16.
Nxd6+ {[%clk 1:02:05]} Qxd6 {[%clk 0:46:44]} 17. O-O-O {[%clk 0:57:31]} O-O-O
{[%clk 0:43:42]} 18. Ne5 {[%clk 0:50:10]} Qe7 {[%clk 0:42:02]} 19. a3 {[%clk
0:43:41]} Nd7 {[%clk 0:38:28]} 20. c4 {[%clk 0:41:00]} Nc7 {[%clk 0:37:11]} 21.
Bc3 {[%clk 0:38:38]} Rhg8 {[%clk 0:29:14]} 22. g4 {[%clk 0:33:37]} f5 {[%clk
0:22:04]} 23. g5 {[%clk 0:30:58]} h5 {[%clk 0:22:57]} 24. Nf3 {[%clk 0:25:18]}
Rde8 {[%clk 0:19:01]} 25. Rhe1 {[%clk 0:25:16]} Qd6 {[%clk 0:15:14]} 26. Qd2
{[%clk 0:22:53]} c5 {[%clk 0:13:48]} 27. b4 {[%clk 0:20:56]} cxd4 {[%clk
0:13:03]} 28. Bxd4 {[%clk 0:19:31]} Qc6 {[%clk 0:13:00]} 29. Qc3 {[%clk
0:18:46]} a6 {[%clk 0:11:14]} 30. Kb2 {[%clk 0:15:16]} Nb6 {[%clk 0:09:51]} 31.
Bxb6 {[%clk 0:08:58]} Qxb6 {[%clk 0:10:17]} 32. c5 {[%clk 0:07:32]} Qa7 {[%clk
0:07:41]} 33. Qe5 {[%clk 0:04:53]} Nd5 {[%clk 0:06:23]} 34. Nd4 {[%clk
0:05:10]} Qb8 {[%clk 0:06:26]} 35. Qxb8+ {[%clk 0:03:33]} Kxb8 36. Nxe6 {[%clk
0:03:39]} Nc7 {[%clk 0:06:51]} 37. Rd6 {[%clk 0:02:37]} Rxe6 {[%clk 0:05:19]}
38. Rexe6 {[%clk 0:02:31]} Nxe6 {[%clk 0:05:45]} 39. Rxe6 {[%clk 0:02:51]} Kc7
{[%clk 0:06:11]} 40. Kc3 {[%clk 0:02:54]} Kd7 {[%clk 0:06:05]} 41. Rd6+ {[%clk
0:28:25]} Kc7 {[%clk 0:31:50]} 42. Kd4 {[%clk 0:24:56]} Rd8 {[%clk 0:27:20]}
43. Rxd8 {[%clk 0:20:08]} Kxd8 {[%clk 0:27:43]} 44. Kd5 {[%clk 0:20:01]} 1-0

[Event "DVM U20w 2016"]
[Site "Borken-Gemen GER"]
[Date "2016.12.29"]
[Round "6"]
[White "Pietsch, Virginia-Atlanta"]
[Black "Köhler, Inken"]
[Result "0-1"]
[Termination "normal"]
[Board "1.3"]
[WhiteElo "904"]
[BlackElo "1944"]
[WhiteClock "00:18:32"]
[BlackClock "00:45:30"]
[WhiteTeam "Leegebrucher SF"]
[BlackTeam "TuRa Harksheide Norderstedt"]
[PlyCount "64"]
[WhiteFideId "16235053"]
[BlackFideId "12929301"]
[EventCountry "GER"]
[EventRounds "7"]
[EventType "team-swiss"]
[EventDate "2016.12.26"]

1. d4 {[%clk 1:30:56]} d5 {[%clk 1:30:54]} 2. c4 {[%clk 1:31:11]} c6 {[%clk
1:31:19]} 3. Nc3 {[%clk 1:31:23]} Nf6 {[%clk 1:31:41]} 4. Nf3 {[%clk 1:31:17]}
dxc4 {[%clk 1:31:58]} 5. Bf4 {[%clk 1:31:24]} e6 {[%clk 1:29:17]} 6. e3 {[%clk
1:30:18]} b5 {[%clk 1:27:47]} 7. a4 {[%clk 1:30:25]} b4 {[%clk 1:27:09]} 8. Nb1
{[%clk 1:28:21]} c3 {[%clk 1:24:52]} 9. bxc3 {[%clk 1:28:16]} bxc3 {[%clk
1:25:16]} 10. Nxc3 {[%clk 1:28:36]} Bb4 {[%clk 1:25:31]} 11. Qb3 {[%clk
1:27:25]} Qa5 {[%clk 1:25:32]} 12. Rc1 {[%clk 1:00:47]} Ne4 {[%clk 1:25:40]}
13. Ke2 {[%clk 0:58:35]} Nxc3+ {[%clk 1:16:04]} 14. Rxc3 {[%clk 0:57:34]} Bxc3
{[%clk 1:16:18]} 15. Bxb8 {[%clk 0:57:41]} Qb4 {[%clk 1:16:30]} 16. Qxb4 {[%clk
0:57:05]} Bxb4 {[%clk 1:16:54]} 17. Be5 {[%clk 0:57:27]} f6 {[%clk 1:16:56]}
18. Bf4 {[%clk 0:57:35]} Bd7 {[%clk 1:15:47]} 19. Kd1 {[%clk 0:54:59]} c5
{[%clk 1:13:49]} 20. Bb5 {[%clk 0:54:54]} Bxb5 {[%clk 1:12:55]} 21. axb5 {[%clk
0:55:16]} c4 {[%clk 1:12:47]} 22. Kc2 {[%clk 0:47:52]} Kd7 {[%clk 1:10:49]} 23.
e4 {[%clk 0:44:26]} g5 {[%clk 0:59:29]} 24. Bg3 {[%clk 0:42:26]} h5 {[%clk
0:58:22]} 25. h4 {[%clk 0:41:30]} g4 {[%clk 0:57:51]} 26. Nd2 {[%clk 0:39:13]}
Rhc8 {[%clk 0:56:31]} 27. Rb1 {[%clk 0:34:07]} Ba5 {[%clk 0:55:10]} 28. f4
{[%clk 0:30:01]} f5 {[%clk 0:50:18]} 29. d5 {[%clk 0:22:55]} exd5 {[%clk
0:49:29]} 30. exd5 {[%clk 0:22:58]} Kd6 {[%clk 0:47:42]} 31. Nf1 {[%clk
0:19:20]} Re8 {[%clk 0:45:30]} 32. Bf2 {[%clk 0:18:32]} Re2+ 0-1

[Event "DVM U20w 2016"]
[Site "Borken-Gemen GER"]
[Date "2016.12.29"]
[Round "6"]
[White "Zimmermann, Jasmin"]
[Black "Mylke, Sandy-Michelle"]
[Result "1-0"]
[Termination "normal"]
[Board "1.4"]
[WhiteElo "1726"]
[BlackElo "1061"]
[WhiteClock "00:04:57"]
[BlackClock "00:38:47"]
[WhiteTeam "TuRa Harksheide Norderstedt"]
[BlackTeam "Leegebrucher SF"]
[PlyCount "75"]
[WhiteFideId "12900400"]
[BlackFideId "16235045"]
[EventCountry "GER"]
[EventRounds "7"]
[EventType "team-swiss"]
[EventDate "2016.12.26"]

1. e4 {[%clk 1:30:57]} e5 {[%clk 1:30:51]} 2. Nf3 {[%clk 1:31:20]} Nc6 {[%clk
1:30:57]} 3. d4 {[%clk 1:31:37]} Bd6 {[%clk 1:29:55]} 4. Bc4 {[%clk 1:31:45]}
Nf6 {[%clk 1:29:45]} 5. dxe5 {[%clk 1:31:35]} Bxe5 {[%clk 1:29:50]} 6. Bd5
{[%clk 1:31:28]} Qe7 {[%clk 1:26:05]} 7. O-O {[%clk 1:29:41]} O-O {[%clk
1:23:56]} 8. Re1 {[%clk 1:25:15]} d6 {[%clk 1:22:02]} 9. Bxc6 {[%clk 1:20:34]}
bxc6 {[%clk 1:21:31]} 10. Nxe5 {[%clk 1:18:22]} Qxe5 {[%clk 1:19:02]} 11. Nc3
{[%clk 1:14:09]} Ng4 {[%clk 1:16:35]} 12. g3 {[%clk 1:05:27]} Qh5 {[%clk
1:16:03]} 13. h4 {[%clk 1:02:58]} Qg6 {[%clk 1:12:00]} 14. f3 {[%clk 0:41:42]}
Ne5 {[%clk 1:10:40]} 15. Bf4 {[%clk 0:30:43]} Re8 {[%clk 1:07:28]} 16. Kh2
{[%clk 0:27:18]} Rb8 {[%clk 1:02:22]} 17. b3 {[%clk 0:25:25]} c5 {[%clk
1:00:55]} 18. Nd5 {[%clk 0:23:04]} Bb7 {[%clk 0:59:22]} 19. Nxc7 {[%clk
0:22:09]} Re7 {[%clk 0:58:51]} 20. Bxe5 {[%clk 0:18:31]} Rxe5 {[%clk 0:57:44]}
21. c4 {[%clk 0:14:50]} Rh5 {[%clk 0:49:45]} 22. Nd5 {[%clk 0:13:24]} Re8
{[%clk 0:49:25]} 23. Nf4 {[%clk 0:13:37]} Qh6 {[%clk 0:47:51]} 24. Nxh5 {[%clk
0:13:56]} Qxh5 {[%clk 0:48:05]} 25. Kg2 {[%clk 0:13:16]} Re6 {[%clk 0:47:23]}
26. Re3 {[%clk 0:11:07]} h6 {[%clk 0:44:42]} 27. Rd3 {[%clk 0:10:08]} Rg6
{[%clk 0:42:47]} 28. Rxd6 {[%clk 0:09:51]} f6 {[%clk 0:42:00]} 29. Kf2 {[%clk
0:08:44]} Qe5 {[%clk 0:40:52]} 30. Rd8+ {[%clk 0:08:28]} Kh7 {[%clk 0:41:10]}
31. g4 {[%clk 0:07:04]} Qh2+ {[%clk 0:39:33]} 32. Ke3 {[%clk 0:07:15]} Qxh4
{[%clk 0:39:42]} 33. Qd6 {[%clk 0:06:02]} f5 {[%clk 0:38:53]} 34. Qf8 {[%clk
0:04:55]} Rf6 {[%clk 0:38:23]} 35. Qg8+ {[%clk 0:04:38]} Kg6 {[%clk 0:38:30]}
36. exf5+ {[%clk 0:04:40]} Kg5 {[%clk 0:38:27]} 37. Qxg7+ {[%clk 0:04:57]} Rg6
{[%clk 0:38:47]} 38. Qxg6# 1-0

[Event "DVM U20w 2016"]
[Site "Borken-Gemen GER"]
[Date "2016.12.29"]
[Round "6"]
[White "Gamisch, Laura"]
[Black "Simon, Tessa"]
[Result "1/2-1/2"]
[Termination "normal"]
[Board "2.1"]
[WhiteElo "1800"]
[BlackElo "1917"]
[WhiteClock "00:13:59"]
[BlackClock "00:07:01"]
[WhiteTeam "TSV Forstenried"]
[BlackTeam "Muldental Wilkau-Haßlau"]
[PlyCount "59"]
[WhiteFideId "24615161"]
[BlackFideId "12929395"]
[EventCountry "GER"]
[EventRounds "7"]
[EventType "team-swiss"]
[EventDate "2016.12.26"]

1. d4 {[%clk 1:30:58]} d5 {[%clk 1:30:52]} 2. c4 {[%clk 1:31:23]} c6 {[%clk
1:31:18]} 3. cxd5 {[%clk 1:31:40]} cxd5 {[%clk 1:31:39]} 4. Nc3 {[%clk
1:31:37]} Nf6 {[%clk 1:31:49]} 5. Nf3 {[%clk 1:31:36]} Nc6 {[%clk 1:31:58]} 6.
Bf4 {[%clk 1:31:39]} a6 {[%clk 1:31:58]} 7. e3 {[%clk 1:31:39]} Bf5 {[%clk
1:31:13]} 8. Bd3 {[%clk 1:24:52]} Bxd3 {[%clk 1:31:16]} 9. Qxd3 {[%clk
1:25:18]} e6 {[%clk 1:31:26]} 10. O-O {[%clk 1:24:38]} Bd6 {[%clk 1:30:38]} 11.
Bxd6 {[%clk 1:25:03]} Qxd6 {[%clk 1:31:00]} 12. a3 {[%clk 1:24:43]} O-O {[%clk
1:31:04]} 13. b4 {[%clk 1:23:15]} b5 {[%clk 1:29:55]} 14. Rac1 {[%clk 1:22:10]}
Rac8 {[%clk 1:25:12]} 15. Rc2 {[%clk 1:20:44]} Rc7 {[%clk 1:20:51]} 16. Rfc1
{[%clk 1:20:22]} Rfc8 {[%clk 1:21:04]} 17. e4 {[%clk 1:10:50]} dxe4 {[%clk
1:16:18]} 18. Nxe4 {[%clk 1:11:10]} Nxe4 {[%clk 1:15:46]} 19. Qxe4 {[%clk
1:11:31]} h6 {[%clk 1:12:27]} 20. Rc5 {[%clk 1:10:44]} Ne7 {[%clk 1:06:15]} 21.
h3 {[%clk 1:06:59]} Nd5 {[%clk 1:04:42]} 22. Ne5 {[%clk 1:03:54]} Nb6 {[%clk
0:45:35]} 23. Qf3 {[%clk 0:56:52]} f6 {[%clk 0:40:29]} 24. Ng4 {[%clk 0:39:52]}
Nc4 {[%clk 0:35:08]} 25. Nxf6+ {[%clk 0:26:01]} gxf6 {[%clk 0:17:57]} 26. Qxf6
{[%clk 0:26:22]} Rf8 {[%clk 0:11:26]} 27. Qxh6 {[%clk 0:23:49]} Rh7 {[%clk
0:07:01]} 28. Qg6+ {[%clk 0:15:22]} Rg7 {[%clk 0:07:16]} 29. Qh6 {[%clk
0:14:31]} Rh7 {[%clk 0:07:01]} 30. Qg6+ {[%clk 0:13:59]} 1/2-1/2

[Event "DVM U20w 2016"]
[Site "Borken-Gemen GER"]
[Date "2016.12.29"]
[Round "6"]
[White "Von Jan, Lena"]
[Black "Krastina, Alma"]
[Result "0-1"]
[Termination "normal"]
[Board "2.4"]
[WhiteElo "1516"]
[BlackElo "1533"]
[WhiteClock "00:03:46"]
[BlackClock "00:39:35"]
[WhiteTeam "Muldental Wilkau-Haßlau"]
[BlackTeam "TSV Forstenried"]
[PlyCount "56"]
[WhiteFideId "12946060"]
[BlackFideId "16222105"]
[EventCountry "GER"]
[EventRounds "7"]
[EventType "team-swiss"]
[EventDate "2016.12.26"]

1. e4 {[%clk 1:30:57]} d6 {[%clk 1:30:53]} 2. d4 {[%clk 1:31:16]} g6 {[%clk
1:31:19]} 3. c3 {[%clk 1:30:50]} Bg7 {[%clk 1:31:27]} 4. Nf3 {[%clk 1:26:37]}
Nd7 {[%clk 1:30:53]} 5. Bd3 {[%clk 1:25:16]} Ngf6 {[%clk 1:28:56]} 6. O-O
{[%clk 1:21:52]} O-O {[%clk 1:29:12]} 7. Nbd2 {[%clk 1:19:01]} c6 {[%clk
1:23:36]} 8. Re1 {[%clk 1:17:43]} e5 {[%clk 1:23:08]} 9. h3 {[%clk 1:14:09]}
Nh5 {[%clk 1:20:29]} 10. Nf1 {[%clk 1:08:54]} f5 {[%clk 1:07:14]} 11. exf5
{[%clk 0:45:41]} gxf5 {[%clk 1:05:16]} 12. dxe5 {[%clk 0:41:22]} dxe5 {[%clk
1:03:24]} 13. Bc4+ {[%clk 0:33:50]} Kh8 {[%clk 1:03:12]} 14. Ng5 {[%clk
0:32:29]} Nf4 {[%clk 0:56:48]} 15. Nf7+ {[%clk 0:26:48]} Rxf7 {[%clk 0:57:12]}
16. Bxf7 {[%clk 0:26:37]} Qf6 {[%clk 0:49:49]} 17. Bb3 {[%clk 0:24:41]} Nc5
{[%clk 0:46:25]} 18. Bxf4 {[%clk 0:22:58]} exf4 {[%clk 0:46:46]} 19. Re8+
{[%clk 0:20:26]} Bf8 {[%clk 0:47:11]} 20. Qd8 {[%clk 0:18:16]} Qxd8 {[%clk
0:47:17]} 21. Rxd8 {[%clk 0:18:38]} Kg7 {[%clk 0:47:11]} 22. Re1 {[%clk
0:15:05]} Ne4 {[%clk 0:45:32]} 23. Rdd1 {[%clk 0:12:18]} Bc5 {[%clk 0:43:23]}
24. Re2 {[%clk 0:11:27]} b6 {[%clk 0:41:23]} 25. Bc2 {[%clk 0:09:30]} Ba6
{[%clk 0:40:29]} 26. Bd3 {[%clk 0:09:17]} Rd8 {[%clk 0:39:56]} 27. Bxa6 {[%clk
0:04:13]} Rxd1 {[%clk 0:39:56]} 28. Bb7 {[%clk 0:03:46]} Ng3 {[%clk 0:39:35]}
0-1

[Event "DVM U20w 2016"]
[Site "Borken-Gemen GER"]
[Date "2016.12.29"]
[Round "6"]
[White "Schulze, Lara"]
[Black "Poetsch, Leonore"]
[Result "1-0"]
[Termination "normal"]
[Board "3.1"]
[WhiteTitle "WFM"]
[WhiteElo "1920"]
[BlackElo "1946"]
[WhiteTeam "SK Lehrte"]
[BlackTeam "SK Langen"]
[PlyCount "79"]
[WhiteFideId "12956830"]
[BlackFideId "12940372"]
[EventCountry "GER"]
[EventRounds "7"]
[EventType "team-swiss"]
[EventDate "2016.12.26"]

1.e4 e6 2.d4 d5 3.Nd2 Be7 4.Bd3 dxe4 5.Nxe4 Nf6 6.Nxf6+ Bxf6 7.Nf3 O-O 8. c3
Bd7 9.Bf4 Bc6 10.Qe2 Nd7 11.O-O-O a5 12.h4 Bxf3 13.Qxf3 h6 14.Qe4 Re8 15.Qh7+
Kf8 16.g4 Bxh4 17.Qh8+ Ke7 18.Qxg7 Bf6 19.Qh7 Bg5 20.Bxg5+ hxg5 21.Qe4 Nf6
22.Qxb7 Nxg4 23.Qg2 f5 24.Rh7+ Kf8 25.Bb5 Nf6 26.Rh6 Ng8 27.Rg6 g4 28.Bxe8 Qxe8
29.Re1 Ra6 30.Rg5 Qb8 31.Qg3 Nf6 32.Qe5 Qd8 33.Rh1 Kf7 34. Rh6 Rd6 35.Rgg6 Nh5
36.Rxe6 Qg5+ 37.Kc2 Qxh6 38.Rxh6 Rxh6 39.Qxf5+ Nf6 40. Qf4 1-0

[Event "DVM U20w 2016"]
[Site "Borken-Gemen GER"]
[Date "2016.12.29"]
[Round "6"]
[White "Flach, Helene"]
[Black "Böhm, Jana"]
[Result "0-1"]
[Termination "normal"]
[Board "3.2"]
[WhiteElo "1815"]
[BlackElo "1968"]
[WhiteTeam "SK Langen"]
[BlackTeam "SK Lehrte"]
[PlyCount "62"]
[WhiteFideId "12929735"]
[BlackFideId "24661589"]
[EventCountry "GER"]
[EventRounds "7"]
[EventType "team-swiss"]
[EventDate "2016.12.26"]

1.e4 e6 2.d4 d5 3.Nd2 Nf6 4.e5 Nfd7 5.Bd3 c5 6.c3 Nc6 7.Ne2 cxd4 8.cxd4 f6
9.exf6 Nxf6 10.Nf3 Bd6 11.O-O Qc7 12.Bg5 O-O 13.Bh4 Nh5 14.Qc2 h6 15.Bh7+ Kh8
16.Bg6 Rxf3 17.Bxh5 Rf5 18.Bg6 Bxh2+ 19.Kh1 Bd6 20.Bxf5 exf5 21.f4 Qf7 22.Bg3
Bd7 23.Rf3 Re8 24.Qd3 Re4 25.a3 Qe8 26.Rf2 Bc7 27.Qc2 Bb6 28.Rd1 Nxd4 29.Nxd4
Bxd4 30.Rf3 Bb5 31.Rd2 Qh5+ 0-1

[Event "DVM U20w 2016"]
[Site "Borken-Gemen GER"]
[Date "2016.12.29"]
[Round "6"]
[White "Hietala, Netta"]
[Black "Möller, Hannah"]
[Result "0-1"]
[Termination "normal"]
[Board "3.4"]
[WhiteElo "1008"]
[BlackElo "1724"]
[WhiteTeam "SK Langen"]
[BlackTeam "SK Lehrte"]
[PlyCount "86"]
[WhiteFideId "12964743"]
[BlackFideId "1270514"]
[EventCountry "GER"]
[EventRounds "7"]
[EventType "team-swiss"]
[EventDate "2016.12.26"]

1.e4 c5 2.Nc3 Nc6 3.Nf3 g6 4.Bb5 Bg7 5.Bxc6 bxc6 6.d4 cxd4 7.Nxd4 Qb6 8. Nde2
e6 9.O-O Ne7 10.Kh1 O-O 11.b3 d5 12.Ba3 Re8 13.Bxe7 Rxe7 14.Rb1 Ba6 15.Re1 Qxf2
16.exd5 cxd5 17.Rf1 Qe3 18.Rf3 Qc5 19.Na4 Qc7 20.Nec3 Bb7 21. Rh3 Rc8 22.Nb5
Qxc2 23.Nxa7 d4 24.Qxc2 Rxc2 25.Rg3 Rxa2 26.Nb5 Bc6 27.Nd6 Bxa4 28.bxa4 Rxa4
29.Rb8+ Bf8 30.h3 Rd7 31.Ne8 Ra1+ 32.Kh2 Rf1 33.Rf3 Rxf3 34.gxf3 Ra7 35.Nf6+
Kg7 36.Ne8+ Kh6 37.Nf6 Bd6+ 38.Kg2 Bxb8 39.Ng4+ Kg7 40.Nf2 Ra2 41.Kf1 Bg3
42.Ne4 Bf4 43.Nf2 Be3 0-1

[Event "DVM U20w 2016"]
[Site "Borken-Gemen GER"]
[Date "2016.12.29"]
[Round "6"]
[White "Peglau, Mirjam"]
[Black "Wiesner, Paula"]
[Result "0-1"]
[Termination "normal"]
[Board "4.1"]
[WhiteElo "1600"]
[BlackElo "2034"]
[WhiteTeam "SV Bannewitz"]
[BlackTeam "Karlsruher SF"]
[PlyCount "52"]
[WhiteFideId "16211138"]
[BlackFideId "24654019"]
[EventCountry "GER"]
[EventRounds "7"]
[EventType "team-swiss"]
[EventDate "2016.12.26"]

1.e4 e6 2.d4 d5 3.Nc3 Nf6 4.e5 Nfd7 5.Nce2 c5 6.c3 Nc6 7.Nf3 f6 8.exf6 Nxf6
9.Bg5 Bd6 10.Bf4 O-O 11.Bxd6 Qxd6 12.Ng3 cxd4 13.cxd4 Ne4 14.a3 e5 15.Nxe4 dxe4
16.Nxe5 Nxe5 17.dxe5 Qc5 18.Qb3+ Kh8 19.Qg3 Qc2 20.h3 Be6 21. Be2 Qxb2 22.Rd1
Rad8 23.Qe3 Rxd1+ 24.Bxd1 Bc4 25.f3 Rd8 26.fxe4 Rd3 0-1

[Event "DVM U20w 2016"]
[Site "Borken-Gemen GER"]
[Date "2016.12.29"]
[Round "6"]
[White "Hund, Sarah"]
[Black "Peglau, Sarah"]
[Result "1-0"]
[Termination "normal"]
[Board "4.2"]
[WhiteElo "1940"]
[BlackElo "1332"]
[WhiteTeam "Karlsruher SF"]
[BlackTeam "SV Bannewitz"]
[PlyCount "61"]
[WhiteFideId "12923338"]
[BlackFideId "16219961"]
[EventCountry "GER"]
[EventRounds "7"]
[EventType "team-swiss"]
[EventDate "2016.12.26"]

1.e4 c5 2.Nc3 Nc6 3.f4 g6 4.Nf3 Bg7 5.Bb5 Qb6 6.Nd5 Qa5 7.O-O e6 8.Bxc6 bxc6
9.Nc3 Nf6 10.d3 O-O 11.Qe1 Rb8 12.Bd2 Qb6 13.Na4 Qb5 14.b3 Ba6 15.Rd1 d6 16.Qh4
h6 17.e5 Nd5 18.c4 Qb7 19.cxd5 Bxd3 20.Rfe1 cxd5 21.Be3 Be4 22. exd6 c4 23.Nc5
Qc6 24.Ne5 Bxe5 25.fxe5 h5 26.Nxe4 dxe4 27.Bh6 Kh7 28.Bxf8 Rxf8 29.Qxe4 Qc8
30.Qxc4 Qd7 31.Qc7 1-0

[Event "DVM U20w 2016"]
[Site "Borken-Gemen GER"]
[Date "2016.12.29"]
[Round "6"]
[White "Peglau, Charis"]
[Black "Mangei, Jasmin"]
[Result "0-1"]
[Termination "normal"]
[Board "4.3"]
[WhiteElo "1214"]
[BlackElo "1911"]
[WhiteTeam "SV Bannewitz"]
[BlackTeam "Karlsruher SF"]
[PlyCount "112"]
[WhiteFideId "16219996"]
[BlackFideId "12951803"]
[EventCountry "GER"]
[EventRounds "7"]
[EventType "team-swiss"]
[EventDate "2016.12.26"]

1.e4 d5 2.exd5 Qxd5 3.Nc3 Qd6 4.d4 Nf6 5.Bc4 a6 6.Bb3 e6 7.Nf3 Nc6 8.O-O Be7
9.Re1 O-O 10.Be3 b5 11.a3 Bb7 12.Qd2 Rad8 13.Rad1 Nb8 14.Ne5 c5 15.Bf4 Qxd4
16.Qxd4 cxd4 17.Ne2 Bc5 18.Ng3 Nd5 19.Bc1 Nc6 20.Nxc6 Bxc6 21.Ne4 Bb6 22.Bg5 f6
23.Bc1 Rfe8 24.Kf1 Kf8 25.Ng3 Rc8 26.Ne2 Ba5 27.Bd2 Bxd2 28.Rxd2 e5 29.c4 bxc4
30.Bxc4 Nc7 31.Ng3 Nb5 32.a4 Nc7 33.b3 Bd5 34.Rc1 Bxc4+ 35. bxc4 Ne6 36.Nf5 Rc6
37.Ke2 Rec8 38.Rdc2 Kf7 39.Kd3 Nc5+ 40.Kd2 Nxa4 41.f3 Nc5 42.Rb1 g6 43.Ng3 a5
44.Rb5 a4 45.Rb1 f5 46.Nf1 Nb3+ 47.Kd3 Rb8 48.Re1 Kf6 49.Ng3 Nc5+ 50.Kd2 Rcb6
51.h4 a3 52.h5 Rb2 53.hxg6 hxg6 54.Rg1 Rxc2+ 55.Kxc2 Rb2+ 56.Kc1 Nd3+ 0-1

[Event "DVM U20w 2016"]
[Site "Borken-Gemen GER"]
[Date "2016.12.29"]
[Round "6"]
[White "Grining, Maria"]
[Black "Peglau, Dora"]
[Result "0-1"]
[Termination "normal"]
[Board "4.4"]
[WhiteElo "1481"]
[BlackElo "1171"]
[WhiteTeam "Karlsruher SF"]
[BlackTeam "SV Bannewitz"]
[PlyCount "80"]
[WhiteFideId "16235037"]
[BlackFideId "16220005"]
[EventCountry "GER"]
[EventRounds "7"]
[EventType "team-swiss"]
[EventDate "2016.12.26"]

1.d4 Nf6 2.Nf3 d5 3.c4 Nc6 4.Nc3 Bf5 5.a3 e6 6.Bg5 Be7 7.Qb3 Na5 8.Qa4+ c6 9.e3
O-O 10.Be2 c5 11.dxc5 Bxc5 12.b4 h6 13.Bh4 d4 14.Rd1 e5 15.Na2 e4 16. Nxd4 Bd7
17.Qc2 Bxd4 18.exd4 Nc6 19.b5 Na5 20.Bxf6 Qxf6 21.Qxe4 Rfe8 22. Qd3 Bf5 23.Qc3
b6 24.Nc1 Bg4 25.f3 Be6 26.O-O Rac8 27.c5 Rxc5 28.Qe3 Rcc8 29.Qf2 Nc4 30.Bxc4
Bxc4 31.Rfe1 Bxb5 32.d5 Rxe1+ 33.Rxe1 Qg5 34.Ne2 Qxd5 35.Qd4 Qe6 36.Qe4 Qa2
37.Nd4 Re8 38.Qb1 Rxe1+ 39.Qxe1 Qxa3 40.Ne2 Qe3+ 0-1